000 00336nam a2200157Ia 4500
100 _aDey/Pradip/ Ghosh/Manas
650 _aC Programming
942 _cBK
366 _f25
245 _aProgramming in C
260 _bOxford Higher Education
_c2011
082 _bDEY
300 _a547
546 _aENGLISH
_cComputers
999 _c21041
_d21041